000 00547nam a2200205Ia 4500
003 OSt
005 20220927105645.0
006 a|||||r|||| 00| 0
007 ta
008 220926b |||||||| |||| 00| 0 eng d
024 _a194486
037 _cReference Collections
040 _aRTL
_cRTL
_beng
041 _2eng
_aeng
082 _a"RxM95, M6/TD"
100 _aBakhtin M M
_9374009
245 0 _aSpeech generes and other lale essays
942 _h"RxM95, M6/TD"
_cCC
999 _c693704
_d693704